A través del espejo: mural teatro costarricense 1890 - 1930

Gespeichert in:
Bibliographische Detailangaben
Format: Buch
Sprache:Undetermined
Veröffentlicht: San José, Costa Rica Editorial de la Universidad de Costa Rica 1992
Schlagworte:
Tags: Tag hinzufügen
Keine Tags, Fügen Sie den ersten Tag hinzu!

MARC

LEADER 00000nam a2200000Ia 4500
008 170316s9999 xx 000 0 und d
090 |a CG-001 A-1a 
245 2 |a A través del espejo: mural teatro costarricense 1890 - 1930 
260 |a San José, Costa Rica 
260 |b Editorial de la Universidad de Costa Rica 
260 |c 1992 
300 |a 22 páginas 
650 |a CULTURA GENERAL 
650 |a PINTURA - MURAL 
650 |a COSTA RICA 
650 |a UNIVERSIDAD DE COSTA RICA - FACULTAD DE LETRAS 
650 |a TEATRO COSTARRICENSE 
999 |c 30265  |d 30265 
040 |a cru BVZT 
942 |c 15 D  |h CG-001 A-1a  |2 z